Horrid Henry tricks the tooth fairy / (Record no. 2901)

MARC details
000 -LEADER
fixed length control field 01333cam a2200325 a 4500
001 - CONTROL NUMBER
control field 2901
003 - CONTROL NUMBER IDENTIFIER
control field FISKH
005 - DATE AND TIME OF LATEST TRANSACTION
control field 20240122162330.0
008 - FIXED-LENGTH DATA ELEMENTS--GENERAL INFORMATION
fixed length control field 081107r20091997ilua b 000 1 eng
010 ## - LIBRARY OF CONGRESS CONTROL NUMBER
LC control number 2008047822
020 ## - INTERNATIONAL STANDARD BOOK NUMBER
International Standard Book Number 9781444001150
040 ## - CATALOGING SOURCE
Original cataloging agency DLC
Transcribing agency DLC
Modifying agency DLC
Language of cataloging eng
042 ## - AUTHENTICATION CODE
Authentication code lcac
050 00 - LIBRARY OF CONGRESS CALL NUMBER
Classification number PZ7.S604
Item number Hrf 2009
082 00 - DEWEY DECIMAL CLASSIFICATION NUMBER
Classification number [Fic]
Edition number 22
100 1# - MAIN ENTRY--PERSONAL NAME
Personal name Simon, Francesca.
245 10 - TITLE STATEMENT
Title Horrid Henry tricks the tooth fairy /
Statement of responsibility, etc. Francesca Simon ; illustrated by Tony Ross.
250 ## - EDITION STATEMENT
Edition statement This edition published in 2013
260 ## - PUBLICATION, DISTRIBUTION, ETC.
Place of publication, distribution, etc. London :
Name of publisher, distributor, etc. Orion Books,
Date of publication, distribution, etc. 2001
300 ## - PHYSICAL DESCRIPTION
Extent 76 pages :
Other physical details color illustrations ;
Dimensions 20 cm.
505 ## - FORMATTED CONTENTS NOTE
Formatted contents note J<br/>
520 ## - SUMMARY, ETC.
Summary, etc. Early Readers are stepping stones from picture books to reading books. A blue Early Reader is perfect for sharing and reading together. A red Early Reader is the next step on your reading journey. Horrid Henry can't stand it when Perfect Peter loses a tooth before him. Why should Peter get a pound from the Tooth Fairy and not Henry? And then Henry has a brilliant idea. He will trick the Tooth Fairy.<br/>
521 ## - TARGET AUDIENCE NOTE
Target audience note 450<br/>
Source Lexile<br/>
521 ## - TARGET AUDIENCE NOTE
Target audience note J<br/>
Source Raz-Plus<br/>
650 #1 - SUBJECT ADDED ENTRY--TOPICAL TERM
Topical term or geographic name entry element Behavior
Form subdivision Fiction.
650 #1 - SUBJECT ADDED ENTRY--TOPICAL TERM
Topical term or geographic name entry element Humorous stories.
700 1# - ADDED ENTRY--PERSONAL NAME
Personal name Ross, Tony,
Relator term illustrator
906 ## - LOCAL DATA ELEMENT F, LDF (RLIN)
a 7
b cbc
c orignew
d 1
e ecip
f 20
g y-gencatlg
942 ## - ADDED ENTRY ELEMENTS (KOHA)
Source of classification or shelving scheme Dewey Decimal Classification
Koha item type Books
Suppress in OPAC No
Holdings
Withdrawn status Lost status Source of classification or shelving scheme Damaged status Not for loan Collection Home library Current library Shelving location Date acquired Total Checkouts Full call number Barcode Date last seen Price effective from Koha item type
    Dewey Decimal Classification     Juvenile Fiction Footprints International School Library Network Toul Kork Campus Footprints International School Library Network Toul Kork Campus TK Primary Library Room(4th Floor), Bookcase 1&2, Shelves 1-16, Dark Blue Books 01/22/2024   SIM 823.92 PZ7 2024-0048 01/22/2024 01/22/2024 Books